Регионална библиотека "Любен Каравелов" - Русе

Евгений Онегин (Запис номер 296954)

MARC детайли
000 -Лидер
Контролно поле с фиксирана дължина 01273ncm a2200325 c 4500
003 - Код на организацията, давaща контролен номер
Контролно поле BLK
005 - Дата и час на последна редакция
Контролно поле 20241018005342.0
008 - Елементи от данни с фиксирана дължина
fixed length control field 180414b bul |a|er|||| |0| c|bulo|
010 ## - Наследен системен номер
LC control number NOT00000304000
040 ## - Източник на каталожния запис
Идентификатор на билиотеката - собственик на записа BLK
041 ## - Код за език
Код за езика на текст/звукозапис или на отделно заглавие Руски
Код за езика КДБФ Руски
080 ## - УДК
Текстов определител УДК Опера. Музикална драма. Романтична опера. Опера-приказка
УДК код - определител по УДК 782.1
УДК - код + определител 782.1
100 ## - Редна дума - Автор
Автор Чайковски, Пьотър Илич
R(LIN) 367519
139 ## - Редно поле
Редна дума Чайковски, Пьотър Илич
Авторски знак Чаиков - Ч 16
245 10 - Сведения за заглавието
Заглавие Евгений Онегин
Подзаглавни данни Лирические сцены в 3 д.
Редно поле (дума) Пьотър Илич Чайковски; по Александр Сергеевич Пушкин
Версия Оп.24
254 ## - Сведения за формата на нотното издание
Формат на описваните ноти Клавир
257 ## - Страна на издаване
Страна на създаване/издаване Русия
260 ## - Област на издателските данни
Място на издаване, разпространение и проч. Москва
Име на издателя, разпространителя и проч. Гос. муз. изд. 18444
Година на издаване 1964
300 ## - Физическа характеристика
Страници 288 с.
Размери/Мащаб 30 см
380 ## - Жанр
Жанр Изкуство
650 #4 - Допълнително описание по предмет – тема
Основно описание – тема или топоним Опера - Русия
9 (RLIN) 315979
653 ## - Ключова дума – ненормативна
Ключова дума Опера
653 ## - Ключова дума – ненормативна
Ключова дума Евгени Онегин
700 ## - Други автори (авторска отговорност)
Лично име Пушкин, Александр Сергеевич
Дати, свързани с автора 1799-1837
9 (RLIN) 262126
852 ## - Местоположение
Форматна сигнатура Цб М ІІ 2978
Част 0
Фондова буква Хранилище
856 4# - Електронен адрес и достъп
Електронен формат pdf - файл
Път до файла /url/
Инструкция (цена за достъп) 0.00
Права за достъп disable
999 ## - СИСТЕМНИ КОНТРОЛНИ НОМЕРА
Koha biblionumber 296954
Koha biblioitemnumber 296954
942 ## - АРТИКУЛИ
Вид на библиотечния материал Нотни издания
Скрит в OPAC Не
Периодичен библиозапис Да
944 ## - СЪЗДАВАНЕ И РЕДАКЦИЯ на ЗАПИСА
Създаване/Редакция Създаване
Дата на регистрацията/редакция 15.11.2003
Служител, извършил регистрацията/редакцията
Статус, дата на статуса CRON CRON
944 ## - СЪЗДАВАНЕ И РЕДАКЦИЯ на ЗАПИСА
Създаване/Редакция Редакция
Дата на регистрацията/редакция 04.02.2015
Служител, извършил регистрацията/редакцията Ирена_Линкова
Наличности
Код за отписване Код за изгубен артикул Източник на класификационната схема Код за повреда Коз за рестрикции Код за отдаване Артикулен № Име на библиотеката - собственик Име на библиотеката, в която се намира в момента Статус (Текущо местоположение) Дата на вписване в системата Местоположение - отдел Цена в лева Инвентарен номер Систематично азбучна сигнатура Баркод Номер на екземпляра Цена в евро Служебна бележка Служебен тип на артикула
  Не е изгубен Universal Decimal Classification Не е повреден само за читалня ползва се в читалня 647401 Регионална библиотека "Любен Каравелов" Русе Регионална библиотека "Любен Каравелов" Русе Основен фонд - ползва се само за читалня 1964-01-01 Хранилище 3.89 11558/64 Цб М II 2978 900000104606 1 1.99 N: стар фонд Дата: 01.01.1964 Нотни издания
  Не е изгубен Universal Decimal Classification Не е повреден без рестрикции ползва се в читалня 647402 Регионална библиотека "Любен Каравелов" Русе Регионална библиотека "Любен Каравелов" Русе Основен фонд - ползва се само за читалня 1964-01-01 Хранилище 3.86 388080 Цб М II 2978 120000388080 2 1.97 N: стар фонд Дата: 01.01.1964 Нотни издания
Vip Innovations Ltd, Rousse, Bulgaria 2025